000 00486nam a2200181Ia 4500
999 _c31038
_d31038
003 OSt
005 20200724143451.0
008 190216s9999||||xx |||||||||||||| ||und||
020 _a5030005005
040 _coclc
082 _a515
_bUVA/M
100 _aUvarov, V B
_93748
245 0 _aMathematical Analysis /
_cV B Uvarov
260 _bMir Publishers,
_c1984.
_aMoscow:
300 _a335p
650 _aMathematics
942 _cBK
_2ddc
_h515
_iUVA/M
_k515
_mUVA/M